[Event "XII Americas Continental-ch 2017"]
[Site "Medellin"]
[Date "2017.06.11"]
[Round "1"]
[White "Alvarez, Alvaro"]
[Black "Erenburg, Sergey"]
[Result "0-1"]
[WhiteElo "2077"]
[BlackElo "2550"]
[Annotator "TA"]
[PlyCount "126"]
[EventDate "2017.??.??"]
[EventType "swiss"]
[EventCountry "COL"]
[SourceTitle "playchess.com"]
[Source "ChessBase"]
[SourceQuality "1"]

{[%evp 10,126,-12,-8,0,0,0,0,21,17,16,-26,0,0,24,0,22,-16,0,0,0,-8,0,0,0,0,0,-3,0,-46,24,0,0,0,0,0,0,7,0,6,21,-4,-7,0,0,0,0,0,43,-117,0,-47,-1,-52,-59,-53,-59,-54,-51,-52,-47,-77,-52,-68,-27,-107,-91,-112,-114,-114,-125,-128,-114,-115,-7,-21,0,0,0,0,5,0,24,0,0,0,0,-144,-127,-143,-133,-160,0,0,-4,-5,-19,-19,-14,-34,-27,-34,-39,-956,-949,-2191,-2075,-1176,-1021,-883,-877,-1508,-1253,-29982,-29983,-29992,-29993,-29997,-29998]} 1. d4 d5 2. Nf3 Nf6 3. c4 e6 4. e3 a6 5. c5 (5. b3 c5 6. Bb2 Nc6 7. Nbd2 cxd4 8. exd4 g6 9. Bd3 Bg7 10. O-O O-O 11. Rc1 dxc4 12. bxc4 b5 {½-½ (48) Bu,X (2711)-Sethuraman,S (2629) Liaocheng 2017}) 5... b6 6. cxb6 $1 {LiveBook: 3 Games. D30: Queen's Gambit Declined: Systems without Nc3} c5 7. Bd3 Qxb6 $146 ({Predecessor:} 7... Nc6 8. O-O cxd4 9. Nxd4 Nxd4 10. Qa4+ Qd7 11. Qxd4 Bd6 12. a4 e5 {1-0 (33) Stobik,D (2245)-Zeller,F Zell 1991}) 8. O-O {The position is equal.} cxd4 9. exd4 Bd6 10. Qc2 Nbd7 11. Nc3 Bb7 12. Re1 h6 13. Kh1 (13. Na4 $5 {[%cal Ra4b6]} Qa7 14. Be3 $11) 13... Rc8 14. Qe2 O-O 15. Be3 Ng4 16. Bd2 Rfe8 17. h3 Ngf6 18. Be3 Ne4 19. Ne5 Ndf6 (19... Bxe5 $15 20. dxe5 Qb4) 20. Bxe4 dxe4 21. Nc4 Qd8 (21... Qc6 {keeps more tension.} 22. Nxd6 Qxd6 23. Na4 a5 24. Nc5 Bc6) 22. Nxd6 Qxd6 23. Na4 Nd5 (23... e5 $5 {[%cal Re5d4]} 24. Nb6 exd4 25. Nxc8 Rxc8 $11) 24. Nc5 Qb6 25. a3 (25. b4 $5) 25... a5 26. Rac1 f5 27. Rc2 Ba8 28. Rec1 Qd8 29. Qd2 $2 (29. Bd2 $14 {stays ahead.}) 29... Rc6 (29... Qh4 $1 $17 {...f4 is the strong threat.} 30. Qd1 (30. Qxa5 f4 $17) 30... f4) 30. Qe1 Qh4 (30... f4 $5 31. Bd2 $8 e3 32. Bxa5 (32. fxe3 fxe3 33. Bxa5 Qg5 $11) 32... Qf6 $14) 31. f3 (31. Qxa5 $2 f4 $17) (31. Kh2 $11) 31... Qxe1+ $15 32. Rxe1 exf3 33. gxf3 Nxe3 34. Rxe3 Rd6 35. Rc4 f4 $36 {[%mdl 2048] Black has some pressure.} 36. Rd3 Red8 37. Ne4 (37. Kg2 $11 {remains equal.}) 37... Rb6 $1 $17 38. Rd2 Rdb8 39. Rcc2 Rb3 40. Kg2 Re3 41. Rc3 Re1 (41... Rxc3 $17 42. Nxc3 g5) 42. Nc5 $11 g5 43. Nd7 Rd8 44. Rc7 Kf7 (44... Re3 $5 {[%cal Ra8f3]}) 45. Ne5+ Ke8 (45... Kf8 $5 {[%cal Re1e5]} 46. Ng4 Bd5 $11) 46. Rh7 {Black must now prevent Rc2.} Rxe5 $1 47. Rh8+ Ke7 48. Rxd8 (48. Rh7+ $1 $11 Kf8 49. Rh8+ Ke7 50. Rh7+ (50. Rxd8 Bxf3+ 51. Kf2 Re3 $11) 50... Kf8 51. Rh8+ Ke7) 48... Bxf3+ $1 {[%mdl 4096] Endgame KRR-KRB} 49. Kf2 Re3 50. Rc8 {[#]} Bd5 $2 ({Black should try} 50... h5 $1 $17 51. Kf1 g4) 51. Rc3 Rxc3 52. bxc3 {KR-KB} h5 53. Kg1 $1 Kf6 54. Rc2 Bc4 {[%mdl 1024] Black has compensation.} 55. Rb2 $1 g4 {[%cal Bg5g4,Bg4g3][%mdl 32]} 56. Rb8 $2 {[%mdl 8192] [#]} (56. hxg4 $15 hxg4 57. Rb8) 56... g3 $1 $19 57. Rf8+ Kg5 58. Rg8+ Kf5 59. h4 Ke4 60. Rg5 Kf3 61. Rg7 Ke2 {Black mates.} 62. Kg2 Bd5+ 63. Kh3 Kf2 {Precision: White = 48%, Black = 53%.} 0-1

[Event "XII Americas Continental-ch 2017"]
[Site "Medellin"]
[Date "2017.06.11"]
[Round "1"]
[White "Soto, Miguel Angel"]
[Black "Mekhitarian, Krikor Sevag"]
[Result "0-1"]
[WhiteElo "2072"]
[BlackElo "2542"]
[Annotator "TA"]
[PlyCount "119"]
[EventDate "2017.??.??"]
[EventType "swiss"]
[EventCountry "COL"]
[SourceTitle "playchess.com"]
[Source "ChessBase"]
[SourceQuality "1"]

{[%evp 18,119,30,21,31,7,11,18,53,-7,15,-51,-27,-35,-30,-68,-66,-71,-72,-91,-77,-81,-67,-64,-78,-98,-94,-108,-89,-103,-95,-92,-113,-143,-69,-78,-59,-61,-59,-59,-54,-62,-32,-152,-106,-152,-150,-152,-79,-79,-79,-79,-79,-79,-79,-79,-79,-79,-79,-79,-79,-79,-79,-79,-79,-79,-79,-79,-79,-79,-79,-79,-79,-79,-79,-79,-79,-79,-79,-79,-79,-79,-79,-79,-79,-95,0,-79,-79,-79,-79,-79,-79,-79,-79,-95,-79,-148,0,-109,-79,-92,-93,-284]} 1. e4 e5 2. Nf3 Nc6 3. Bb5 {[%cal Bf1b5,Bb5a4,Ba4b3][%mdl 32]} a6 4. Ba4 Nf6 5. d3 b5 6. Bb3 Be7 7. O-O Bb7 8. c3 O-O 9. Re1 Re8 10. Nbd2 Bf8 {C88: Closed Ruy Lopez: Anti-Marshall Systems} 11. Nf1 Na5 12. Bc2 c5 {The position is equal.} (12... d5 13. exd5 Qxd5 14. Bg5 Qd6 15. Ng3 c5 16. Qe2 Nc6 17. a4 Rab8 18. axb5 axb5 {0-1 (58) Timofeev,A (2670)-Tomashevsky,E (2646) Moscow 2008}) 13. Ng3 (13. Bg5 $14) 13... d5 14. b3 $146 (14. exd5 $11 Qxd5 15. Bg5) ({Predecessor:} 14. exd5 Qxd5 15. Bg5 Qd6 16. Ne4 Nxe4 17. dxe4 f6 18. Qxd6 Bxd6 {½-½ (51) Garcia Martinez,S (2425)-Diaz,J (2430) Santa Clara 1991}) 14... h6 {[%cal Bh7h6,Bh6h5,Bh5h4][%mdl 32]} 15. Bb2 d4 16. c4 Nc6 17. Rf1 g6 18. Nd2 Bc8 19. h3 h5 20. Ne2 h4 21. f4 Nh5 22. f5 Bh6 23. Bc1 Be3+ 24. Kh1 Ra7 25. Qe1 g5 (25... Bf4 $17 26. fxg6 fxg6) 26. Nf3 $15 {[%cal Bd2f3,Bf3h2,Bh2g4][%mdl 32]} f6 (26... Bf4 $5) 27. Ba3 Qb6 28. Nh2 a5 29. Ng4 Bf4 30. Rb1 (30. cxb5 $15 Nb4 31. Qd1 (31. Nxf4 $2 Ng3+ 32. Kg1 exf4 $17)) 30... Kg7 31. Kg1 Nb4 32. Bxb4 cxb4 ({Black should play} 32... axb4 33. Ra1 Bd7) 33. Nxf4 $17 Nxf4 34. Qd2 Bd7 35. Kh2 Rc8 36. Rb2 Be8 37. Rc1 Rb7 38. Bd1 Rbc7 39. Nf2 Rc5 40. Rbc2 Qc7 41. Kh1 Qa7 42. Kh2 R5c7 43. Kh1 Rb8 44. Rb2 Rcb7 45. Rcb1 Bc6 46. Bc2 Qa6 47. Kh2 Be8 48. Bd1 Qc6 49. Kh1 Rb6 50. Bc2 Bh5 51. Bd1 Be8 52. Bc2 $1 Kf8 53. Kh2 Bd7 54. Ng4 Ke7 55. Bd1 Qc5 56. Bc2 Be8 57. Kh1 ({White should try} 57. Bd1) 57... Bd7 58. Kh2 $1 Nh5 59. Qd1 Ng7 60. a4 $2 {Precision: White = 54%, Black = 55%.} (60. Qe1 $17) 0-1

[Event "XII Americas Continental-ch 2017"]
[Site "Medellin"]
[Date "2017.06.11"]
[Round "2"]
[White "Bachmann, Axel"]
[Black "Palencia Morales, Wilson Guillermo"]
[Result "1-0"]
[WhiteElo "2653"]
[BlackElo "2343"]
[Annotator "TA"]
[PlyCount "99"]
[EventDate "2017.??.??"]
[EventType "swiss"]
[EventCountry "COL"]
[SourceTitle "playchess.com"]
[Source "ChessBase"]
[SourceQuality "1"]

{[%evp 17,99,9,39,35,29,32,30,33,47,50,35,7,82,71,79,60,159,147,154,126,106,113,150,131,145,144,151,148,213,201,207,204,253,247,241,235,247,222,278,277,271,282,294,301,295,286,295,253,255,252,266,247,251,255,347,344,352,347,524,521,514,508,492,495,592,502,486,473,530,549,651,638,976,952,1374,1302,1444,1383,1966,1940,4790,1823,29982,29983]} 1. Nf3 e6 2. g3 f5 3. Bg2 Nf6 4. c4 Be7 5. d4 d5 6. O-O O-O 7. b3 Bd7 8. Ba3 Be8 {A93: Classical Dutch: Classical Stonewall: 7 b3} 9. Qc1 Nc6 {LiveBook: 3 Games} 10. Bxe7 Qxe7 {White is slightly better.} 11. e3 Bh5 12. Nc3 Rad8 13. Qb2 $146 ({Predecessor:} 13. Rb1 Ne4 14. b4 Nxb4 15. a3 Nd3 16. Qc2 dxc4 17. Rxb7 {1-0 (41) Cheparinov,I (2664)-Radulski,J (2552) Panagyurishte 2012}) 13... Ne4 14. Rac1 Rf7 (14... g5 $11) 15. Ne1 $16 {[%cal Bf3e1,Be1d3,Bd3f4][%mdl 32]} Nb8 16. Nd3 {And now Nf4 would win.} Nxc3 (16... c6 $14) 17. Rxc3 {Black must now prevent Nf4.} ({Much less strong is} 17. Qxc3 Be2 $16) 17... c6 18. b4 {[%cal Bb3b4,Bb4b5][%mdl 32]} Nd7 {and if ...Nb6 works, Black does fine.} 19. cxd5 exd5 20. Nf4 Bg6 21. b5 Nb6 {With the idea ...Na4.} 22. Qa3 Qxa3 (22... Nc4 $16 23. Qxa7 Qb4) 23. Rxa3 $18 Nc8 24. Rb1 Rf6 25. bxc6 bxc6 26. Rb8 Rfd6 27. Bh3 Kf7 28. Nd3 Kf6 29. Nc5 Re8 30. Bf1 Rdd8 31. Ra6 Rd6 32. Nb7 Rde6 33. Na5 Ne7 34. Rxe8 Bxe8 35. Rxa7 g5 36. Nb3 Nc8 37. Rxh7 Bg6 (37... Bf7 {was worth a try.} 38. Be2 Kg6) 38. Rc7 Re8 39. Rxc6+ Kg7 40. Nc5 Bf7 41. Nd3 Ne7 42. Rc7 Ng6 43. a4 {[%cal Ba2a4,Ba4a5,Ba5a6,Ba6a7][%mdl 32]} f4 44. a5 Rb8 45. a6 Rb3 46. Ne5 Nxe5 47. dxe5 Kg6 48. a7 Ra3 49. Rc6+ Kg7 50. Ra6 {Precision: White = 77%, Black = 39%.} 1-0

[Event "XII Americas Continental-ch 2017"]
[Site "Medellin"]
[Date "2017.06.11"]
[Round "2"]
[White "Bruzon Batista, Lazaro"]
[Black "Escalante Ramirez, Brian Sebasti"]
[Result "1-0"]
[WhiteElo "2650"]
[BlackElo "2338"]
[Annotator "TA"]
[PlyCount "57"]
[EventDate "2017.??.??"]
[EventType "swiss"]
[EventCountry "COL"]
[SourceTitle "playchess.com"]
[Source "ChessBase"]
[SourceQuality "1"]

{[%evp 21,57,56,92,36,56,72,97,83,77,87,90,88,85,75,159,169,152,154,152,142,324,140,145,137,136,141,117,125,564,575,564,547,797,787,605,390,1107,1222]} 1. d4 Nf6 2. c4 g6 3. Nc3 Bg7 4. e4 d6 5. h3 O-O 6. Be3 c5 7. Nf3 cxd4 8. Nxd4 Nc6 9. Be2 Nxd4 10. Bxd4 Be6 11. O-O Qa5 {LiveBook: 3 Games} 12. Rc1 {B38: Sicilian: Maroczy Bind with 5...Bg7 and 7...0-0} ({White should play} 12. f4 $16) (12. f4 Rfc8 13. b3 Bd7 14. e5 Ne8 15. Nd5 Qd8 16. exd6 Bxd4+ 17. Qxd4 Nxd6 18. Bg4 Nf5 19. Qf2 h5 20. Bxf5 Bxf5 {1-0 (41) Boruchovsky,A (2492)-Guttulsrud,O (2206) Fagernes 2014}) 12... Rfc8 13. b3 a6 14. f4 $146 {[%cal Bf2f4,Bf4f5][%mdl 32] White is better.} ({Predecessor:} 14. Na4 Nd7 15. Bxg7 Kxg7 16. f4 b5 17. f5 Bxc4 18. Qd4+ Kg8 19. Bxc4 bxc4 {½-½ (58) Boettcher,U (2078)-Haselhorst,H (2093) Bad Neuenahr 2014}) 14... b5 {[%cal Rb5c4]} 15. f5 Bd7 16. Bxf6 Bxf6 17. Nd5 {[#] And now fxg6 would win.} Bc6 ({Better is} 17... Bg5) 18. Nxf6+ $16 exf6 19. fxg6 hxg6 20. Qxd6 {Strongly threatening Bg4.} Qxa2 $2 (20... Qd8 $16 21. Qxf6 (21. Rxf6 Bxe4 22. Rcf1 Qxd6 $16) 21... Qxf6 22. Rxf6 Bxe4) 21. Bg4 (21. Qxf6 $18 {and the rest is easy.} Be8 22. Bf3 Qxb3 23. e5 Qe3+ 24. Kh2) 21... Bxe4 {[%csl Ge4][%cal Ra2g2] [#]} 22. Rf2 $36 {[%mdl 2048] Black is under strong pressure.} Qxb3 {Hoping for ...f5.} ({Not} 22... Rc6 $2 23. Qb4 $18 (23. Rxa2 Rxd6 24. cxb5 Kg7 $14)) 23. Bxc8 Rxc8 24. Qxf6 Rf8 $2 {[%mdl 8192]} (24... Bf5 $16) 25. Rf4 $18 Qe3+ 26. Kh2 {White threatens Rh4! and mate.} g5 27. Qxg5+ Bg6 28. Rcf1 b4 $2 (28... Re8 29. cxb5 axb5 30. Qxb5 Qe7) 29. h4 {Precision: White = 58%, Black = 21%.} 1-0

[Event "XII Americas Continental-ch 2017"]
[Site "Medellin"]
[Date "2017.06.11"]
[Round "2"]
[White "Cori, Jorge"]
[Black "Guerrero Sierra, Juan Carlos"]
[Result "1-0"]
[WhiteElo "2618"]
[BlackElo "2303"]
[Annotator "TA"]
[PlyCount "75"]
[EventDate "2017.??.??"]
[EventType "swiss"]
[EventCountry "COL"]
[SourceTitle "playchess.com"]
[Source "ChessBase"]
[SourceQuality "1"]

{[%evp 18,75,10,16,28,26,23,6,25,11,11,11,14,20,22,26,26,-12,-1,-12,18,12,95,115,104,103,101,104,172,43,98,97,146,111,109,108,109,89,104,65,187,165,170,164,164,0,5,0,5222,5210,12835,12835,6091,6087,2054,1970,29976,29977,29975,12843]} 1. d4 Nf6 2. c4 g6 3. g3 Bg7 4. Bg2 d5 5. cxd5 Nxd5 6. Nf3 Nb6 7. Nc3 Nc6 8. e3 O-O 9. O-O Re8 10. Re1 a5 {D76: Fianchetto Grünfeld: Main Line with 7...Nb6} 11. Qe2 (11. h3 a4 12. Rb1 e5 13. d5 Ne7 14. e4 Bd7 15. b3 axb3 16. axb3 c6 17. dxc6 bxc6 18. Be3 {½-½ (50) Van Wely,L (2662)-Sutovsky,E (2624) Tromsoe 2014}) 11... Be6 12. Nd2 Nb4 {...Nc2 is the strong threat.The position is equal.} 13. Rd1 c6 14. a3 N4d5 15. Nce4 Bf5 16. Nc5 {Hoping for e4.} e5 17. e4 exd4 {next ...Qe7 is good for Black.} 18. Ndb3 a4 $146 19. Nxd4 Bxd4 (19... Bxe4 $11 {remains equal.} 20. Bxe4 Bf8) 20. Rxd4 $16 Nf4 21. Bxf4 Qxd4 22. Be3 Qc4 (22... Qd6 $16) 23. Qd2 ({Only move:} 23. Qf3 $1 $18) 23... Red8 (23... Rad8 $14 24. Qa5 Qc2 25. exf5 (25. Qxb6 {gets mated.} Rd1+ 26. Bf1 Bh3 27. Qxb7 Rxa1 28. Qa6 Qd1 29. Bc1 Rxc1 30. Nxa4 Qxf1+ 31. Qxf1 Rxf1#) 25... Nc4) 24. Qe1 $36 {[%mdl 3072] White has strong compensation. White is on the roll.} Bc8 25. Rd1 Bg4 26. f3 $1 Qc2 27. Rc1 ({Don't go for} 27. Rxd8+ $2 Rxd8 28. fxg4 Rd1 $19) 27... Qxb2 {White should prevent ...Bc8.} 28. fxg4 Qxa3 ({Black should play} 28... Nd7 $14) 29. e5 Nd5 30. Bg5 {aiming for e6.} Qb2 31. e6 $2 (31. Bxd8 $18 Rxd8 32. Bxd5 Rxd5 33. e6 Qd4+ 34. Kf1 (34. Qf2 fxe6 35. Qxd4 Rxd4 $16)) 31... f6 $11 32. e7 fxg5 $4 {[%mdl 8192]} (32... Re8 $11 33. Bxd5+ cxd5 34. Qe6+ Kg7) 33. Bxd5+ $18 cxd5 34. exd8=Q+ Rxd8 {[#]} 35. Qe6+ $1 Kh8 {[#]} 36. Rf1 $1 a3 37. Qe7 $1 {[%csl LRb7,LRd8,LRg5]} Rg8 38. Rf7 {Precision: White = 70%, Black = 46%.} (38. Ne6 $142 h6 39. Rf7 Qb1+ 40. Kg2 Qe4+ 41. Kh3 Qxg4+ 42. Kxg4 h5+ 43. Kxg5 Rc8 44. Rh7+ Kg8 45. Qg7#) 1-0

[Event "XII Americas Continental-ch 2017"]
[Site "Medellin"]
[Date "2017.06.11"]
[Round "2"]
[White "Sevian, Samuel"]
[Black "Arias Santana, Mauricio"]
[Result "1-0"]
[WhiteElo "2601"]
[BlackElo "2292"]
[Annotator "TA"]
[PlyCount "69"]
[EventDate "2017.??.??"]
[EventType "swiss"]
[EventCountry "COL"]
[SourceTitle "playchess.com"]
[Source "ChessBase"]
[SourceQuality "1"]

{[%evp 28,69,0,0,0,1,3,8,12,-7,-8,-8,8,8,31,33,35,39,29,0,0,0,0,-31,33,39,118,114,152,157,678,688,676,681,627,675,640,644,623,564,614,636,1709,1620]} 1. e4 e5 2. Nf3 Nf6 3. Nxe5 d6 4. Nf3 Nxe4 5. d4 d5 6. Bd3 Nc6 7. O-O Be7 8. c4 Nb4 9. Be2 O-O 10. Nc3 Bf5 11. a3 Nxc3 12. bxc3 Nc6 13. Re1 Re8 14. Ra2 {C42: Petroff Defence: 3 Nxe5 and unusual White 3rd moves} Bf6 15. Rb2 {LiveBook: 3 Games} b6 {[#]} 16. cxd5 $146 {The position is equal.} ({Predecessor:} 16. Bf4 Na5 17. cxd5 Qxd5 18. Ne5 Bxe5 19. Bf3 Qd7 20. Bxe5 Nc4 21. Rbe2 c6 {½-½ (31) Alekseev,E (2679)-Kramnik,V (2772) Dortmund 2007}) 16... Qxd5 17. Bf4 Re7 18. Nd2 {[%cal Bf3d2,Bd2f1,Bf1g3,Bg3h5,Bh5f4,Bf4d5][%mdl 32]} Rae8 19. Nf1 Qe4 (19... Qa5 $5 {[%cal Ra5c3]} 20. Qc1 Qxa3 $11) 20. Be3 {[#] And now Ng3 would win.} Bd7 21. Ng3 Qd5 22. Nh5 Qd6 23. Qc1 Bh4 {Threatening ...Rxe3!} 24. g3 $36 {[%mdl 2048] White has some pressure.} g6 25. Nf4 Bf6 ({Black should try} 25... Bg5 $1 $15) 26. Bf3 $14 Bg7 ({Black should play} 26... Be6 $14) 27. Rbe2 $16 Kh8 28. Nd5 Bg4 $2 (28... Re6 $16 29. Bf4 Rxe2 30. Rxe2 Qf8 31. Rxe8 (31. Nxc7 Rxe2 32. Bxe2 Kg8 $16) 31... Qxe8 32. Nxc7 Qe7) 29. Nxe7 $18 {White is clearly winning.} ({Less strong is} 29. Bxg4 Qxd5 30. Bg5 f6 $16) 29... Bxf3 30. Bf4 {aiming for Nxg6+.} Qd7 {[#]} 31. Nxg6+ $1 {[%mdl 512]} hxg6 (31... fxg6 32. Rxe8+) 32. Rxe8+ Kh7 {( -> ...Qh3)} 33. R8e3 Bg4 34. Qc2 f5 35. Qa2 {Precision: White = 73%, Black = 27%.} 1-0

[Event "XII Americas Continental-ch 2017"]
[Site "Medellin"]
[Date "2017.06.11"]
[Round "2"]
[White "Fier, Alexandr"]
[Black "Franco Valencia, Angela"]
[Result "1-0"]
[WhiteElo "2576"]
[BlackElo "2286"]
[Annotator "TA"]
[PlyCount "65"]
[EventDate "2017.??.??"]
[EventType "swiss"]
[EventCountry "COL"]
[SourceTitle "playchess.com"]
[Source "ChessBase"]
[SourceQuality "1"]

{[%evp 17,65,12,9,8,18,17,26,23,27,4,14,5,11,12,17,3,5,6,6,5,69,58,84,14,13,14,42,35,43,43,63,43,66,57,179,178,180,187,188,181,443,443,440,397,1487,1476,1485,1410,2075,967]} 1. d4 f5 2. b3 Nf6 3. Bb2 e6 4. Nf3 Bb4+ 5. c3 Be7 6. e3 O-O 7. Bd3 b6 8. O-O Bb7 9. c4 Ne4 10. Nbd2 {[%cal Bb1d2,Bd2f3,Bf3e1,Be1c2,Bc2a3,Ba3b5][%mdl 32] E14: Queen's Indian: Classical Variation (4 e3)} (10. Nfd2 Na6 11. f3 Nd6 12. Nc3 Bf6 13. Ne2 c5 14. a3 Qe7 15. Qb1 Rae8 16. b4 e5 17. dxc5 bxc5 {½-½ (49) Goganov,A (2635)-Grischuk,A (2752) Novosibirsk 2016}) 10... d5 11. Ne5 Nd7 12. Ndf3 {White has an edge.} Ndf6 $146 ({Predecessor:} 12... Bf6 13. Rc1 Bxe5 14. Nxe5 Nxe5 15. dxe5 Nc5 16. Be2 dxc4 17. Rxc4 {0-1 (37) Rack,M-Holfelder,H (2315) Wiesbaden 1993}) 13. Qc2 Bd6 14. Ne1 c5 15. f3 Ng5 16. Rd1 Qc7 17. Qe2 Rad8 18. Nc2 Bxe5 (18... Nf7 $11) 19. dxe5 $14 Nd7 20. h4 (20. cxd5 $16 Bxd5 21. Na3) 20... Nf7 $11 21. f4 Nh6 22. Na3 {Black must now prevent Nb5.} Nb8 $1 23. Nb5 Qe7 24. g3 Ba8 25. Nd6 $36 {[%mdl 2048] Black is under pressure.} Nf7 (25... Nc6 $14) 26. cxd5 $18 {And now Bxf5 would win.} Nxd6 27. exd6 Rxd6 28. dxe6 Qb7 $2 {[#]} (28... Bd5 {was called for.} 29. Be5 Rxe6) 29. e4 $1 {[%mdl 512] Strongly threatening Bc4.} Rxd3 (29... fxe4 30. Bc4) 30. Qxd3 ({Weaker is} 30. Rxd3 Qxe4 31. Qxe4 Bxe4 $18) 30... fxe4 $2 (30... Qxe4 31. Qxe4 Bxe4) 31. Qe3 {White is clearly winning.} Qe7 32. f5 Bc6 {[#]} 33. Be5 {Precision: White = 57%, Black = 29%.} (33. Bxg7 $142 $1 {[%mdl 512]} Rc8 (33... Qxg7 34. f6) 34. Bb2) 1-0

[Event "XII Americas Continental-ch 2017"]
[Site "Medellin"]
[Date "2017.06.11"]
[Round "2"]
[White "Ortiz Suarez, Isan Reynaldo"]
[Black "Blandon, Luis Guillermo"]
[Result "1/2-1/2"]
[WhiteElo "2570"]
[BlackElo "2269"]
[Annotator "TA"]
[PlyCount "163"]
[EventDate "2017.??.??"]
[EventType "swiss"]
[EventCountry "COL"]
[SourceTitle "playchess.com"]
[Source "ChessBase"]
[SourceQuality "1"]

{[%evp 21,163,14,21,4,17,16,20,10,18,23,21,8,17,-12,0,0,0,0,11,-31,28,25,24,21,33,31,33,31,37,34,28,2,2,3,3,6,10,0,0,0,0,0,27,0,0,0,22,0,0,0,0,0,0,0,0,0,0,0,7,0,15,11,14,0,0,0,8,0,0,0,0,0,0,0,0,0,0,0,0,0,0,0,0,0,0,0,10,0,18,0,4,0,0,0,0,0,0,0,453,453,453,450,453,412,410,410,406,397,353,0,0,0,0,0,0,0,0,0,0,0,0,0,0,0,0,0,0,0,0,0,0,0,0,0,0,0,0,0,0,0,0,0,0,0]} 1. Nf3 Nf6 2. g3 g6 3. Bg2 Bg7 4. O-O O-O 5. d4 d6 6. c4 Nbd7 7. Nc3 e5 8. e4 c6 9. b3 Qb6 10. dxe5 dxe5 11. Qc2 Re8 12. Na4 {E68: King's Indian: Fianchetto: 6...Nbd7 7 0-0 e5 8 e4} (12. Rd1 Nc5 13. h3 a5 14. Be3 Qb4 15. Bxc5 Qxc5 16. Rd2 Qa3 17. Rc1 {½-½ (17) Zaremba,A (2245)-Paschall,W (2365) Philadelphia 1998}) 12... Qc7 13. Rd1 $146 ({Predecessor:} 13. Ba3 Bf8 14. Bb2 Nh5 15. Rad1 Nc5 16. Nxc5 Bxc5 17. Qc3 {0-1 (48) Radosavljevic,N (2129)-Nikolic,M (2212) Belgrade 2005}) 13... Bf8 14. Bb2 Nc5 15. Nxc5 Bxc5 16. h3 Nh5 17. Kh2 f6 18. Ne1 Be6 19. Nd3 Bf8 20. g4 Nf4 ({Black should try} 20... Ng7 $15) 21. Nxf4 $11 exf4 22. Bf3 Bg7 23. Rd2 Rad8 24. Rad1 Rxd2 25. Rxd2 Rd8 26. Bc3 Rxd2 27. Qxd2 Kf7 28. Kg2 c5 29. Qb2 g5 30. Qc2 h6 31. a4 Qd7 32. Be2 (32. e5 $5 fxe5 33. Qh7 $11) 32... h5 {[%cal Rh5g4]} 33. f3 Qd6 34. Bd3 hxg4 35. hxg4 Bd7 36. Qe2 Bc6 37. Bc2 Qe6 38. Qd1 Bf8 39. Qh1 Bg7 40. Qh7 Kf8 (40... Bxa4 $5 41. bxa4 (41. e5 Bc6 $11) 41... Qxc4 $11) 41. a5 b6 42. axb6 axb6 43. Kf2 Be8 44. Qh1 Bc6 45. Qa1 Qe7 46. Bd3 Kf7 47. Qb2 Qd8 48. Qe2 Qh8 49. Kg2 Qa8 50. Bc2 Qd8 51. Qe1 Qd7 52. Qa1 Qb7 53. Qh1 Kg8 54. Kf2 Kf8 55. Qh7 Qe7 56. e5 fxe5 57. Qf5+ Kg8 58. Qc8+ Qe8 59. Qc7 Qa8 $2 {[%mdl 8192] [#]} (59... Qd7 $11 60. Qb8+ Qe8) 60. Bxe5 $18 Bxe5 61. Qxe5 Qd8 62. Qe6+ Kf8 63. Qh6+ Kf7 64. Bg6+ ({Don't play} 64. Qg6+ Kf8 $18) 64... Ke6 {[#] And now ...Qd2+ would win.} 65. Be4+ $2 ({White must play} 65. Bf5+ $18 Ke5 66. Qe6+ (66. Qxc6 Qd2+ 67. Kf1 Qd1+ 68. Kf2 Qd2+ 69. Kg1 Qe1+ 70. Kg2 Qe2+ 71. Kh3 Qf1+ 72. Kh2 Qf2+ 73. Kh1 Qe1+ 74. Kh2 Qg3+ 75. Kh1 Qe1+ 76. Kh2 Qg3+ 77. Kh1 Qe1+ $11) 66... Kd4 67. Qxc6) 65... Ke5 $1 $11 {The position is equal.} 66. Qg7+ Kd6 67. Qg6+ Ke5 68. Qf5+ Kd6 $1 69. Qg6+ (69. Ke2 $5 {[%cal Rf5g6]} Bxe4 70. fxe4 $11) 69... Ke5 70. Qg7+ Kd6 71. Qg6+ Ke5 72. Ke2 (72. Bxc6 {feels hotter.} Qd2+ 73. Kf1 Qd1+ 74. Kg2 Qe2+ 75. Kh3) 72... Bxe4 73. Qxe4+ {[%mdl 4096] Endgame KQ-KQ} Kf6 74. Qf5+ Kg7 75. Qe5+ Qf6 76. Qd5 Qb2+ 77. Kf1 Qb1+ 78. Kg2 Qc2+ 79. Kf1 Qc1+ 80. Kg2 Qc2+ 81. Kh3 Qh7+ 82. Kg2 {Precision: White = 54%, Black = 66%.} 1/2-1/2